| 000 | 00384nam a2200145Ia 4500 | ||
|---|---|---|---|
| 008 | 240624s9999 xx 000 0 und d | ||
| 041 | _aeng | ||
| 082 | _a650.072 SEK | ||
| 100 | _aSEKARAN UMA | ||
| 245 | _aRESEARCH METHODS FOR BUSINESS A SKILL BU | ||
| 250 | _a(5th ed.) | ||
| 260 |
_c2010 _aNew Jersey _bJohn Wiley and Sons |
||
| 300 | _axx, : 468 : p. : cm. ; 23 | ||
| 365 |
_c _b30 |
||
| 999 |
_c15143 _d15143 |
||